000 00759nam a2200241Ia 4500
003 OSt
005 20220923223902.0
006 a|||||r|||| 00| 0
007 ta
008 Pun
024 _a222,927
037 _cTextual
040 _aARTS
_cARTS
_bPun
041 _2Pun
_aPun
082 _aO153,1M99:g, N4
100 _aਸਿੰਗਲ, ਧਰਮਪਾਲ
_9156318
245 0 _aਡਾ ਮੋਹਨ ਸਿੰਘ ਦੀਵਾਨਾ
_b ਜੀਵਨ ਤੇ ਰਚਨਾ
260 _aਪਟਿਆਲਾ
_b ਪਬਲੀਕੇਨਿ ਬਿਊਰੋ
_c1994
300 _a175ਪੰ
_ccm.
650 _aਪੰਜਾਬੀ ਸਾਹਿਤ
942 _hO153,1M99:g, N4
_cTEXL
_2CC
999 _c368009
_d368009